=LDR 00000nam 2200000 4500 =001 INLIS000000000027252 =005 20130612125636 =008 ***********************************Ind** =035 ##$$0010-061300000027252 =041 ##$$a Ind =082 ##$$a 510.021 =090 ##$$a 510.021, Wid s =100 ##$$a Widodo, Y. Triyoga Budi =245 ##$$a Smart bram solution, oleh Y. Triyoga Budi Widodo =260 ##$$a 2006 $b Surabaya =300 ##$$a vi, 167 hlm, 22 cm =650 ##$$a Matematika-Rumus =850 ##$$a NBPNMAT